[Event "XXII. DBMM Schach"]
[Site "Dresden"]
[Date "2024.01.20"]
[Round "5.1"]
[Board "1"]
[White "Walther, Hans Wolfgang"]
[Black "Zahn, Fabian"]
[Result "1-0"]
[WhiteElo "2085"]
[BlackElo "1983"]
[Annotator "br"]
[PlyCount "89"]
[GameId "489223827990"]
[EventDate "2024.01.18"]
[EventType "team-swiss"]
[EventRounds "7"]
[EventCountry "GER"]
[Tiebreak "Buchholz"]
[SourceTitle "XXII. DBMM Schach"]
[Source "FV Schach e.V."]
[SourceDate "2024.01.21"]
[SourceVersion "1"]
[SourceVersionDate "2024.01.21"]
[SourceQuality "1"]
[WhiteTeam "Deutsche Bahn/BSW Berlin"]
[BlackTeam "Siemens Energy Duisburg"]
[WhiteTeamCountry "GER"]
[BlackTeamCountry "GER"]

1. d4 d5 2. Nf3 Nf6 3. c4 e6 4. Nc3 a6 5. cxd5 exd5 6. Bg5 Be7 7. e3 h6 8. Bf4 O-O 9. Bd3 c5 10. O-O Bg4 11. h3 Be6 12. dxc5 Bxc5 13. Rc1 Ba7 14. Ne2 Nc6 15. Ned4 Bd7 16. Nxc6 bxc6 17. b4 Bb8 18. Bxb8 Qxb8 19. Qd2 Qb6 20. Rc5 Rfb8 21. a3 Re8 22. Rfc1 Rec8 23. Nd4 Ra7 24. Ra5 Raa8 25. Qe2 Re8 26. Nb3 Ne4 27. Bxe4 dxe4 28. Qc2 Be6 29. Nd4 Rac8 30. Rc5 Bd7 31. Nxc6 Qb7 32. Nd4 Rxc5 33. bxc5 Bc6 34. Rb1 Qc8 35. Rb6 Bd5 36. Rd6 Rd8 37. Rxd8+ Qxd8 38. Qa4 Qc8 39. Qa5 Qb7 40. Qb6 Qxb6 41. cxb6 g6 42. Nb3 Kf8 43. Nc5 Ke7 44. b7 Bxb7 45. Nxb7 1-0

[Event "XXII. DBMM Schach"]
[Site "Dresden"]
[Date "2024.01.20"]
[Round "5.2"]
[Board "2"]
[White "Muranyi, Erich"]
[Black "Fleuch, Hans Juergen"]
[Result "1-0"]
[WhiteElo "1986"]
[BlackElo "1939"]
[Annotator "br"]
[PlyCount "100"]
[GameId "489223827994"]
[EventDate "2024.01.18"]
[EventType "team-swiss"]
[EventRounds "7"]
[EventCountry "GER"]
[Tiebreak "Buchholz"]
[SourceTitle "XXII. DBMM Schach"]
[Source "FV Schach e.V."]
[SourceDate "2024.01.21"]
[SourceVersion "1"]
[SourceVersionDate "2024.01.21"]
[SourceQuality "1"]
[WhiteTeam "Siemens Energy Duisburg"]
[BlackTeam "Deutsche Bahn/BSW Berlin"]
[WhiteTeamCountry "GER"]
[BlackTeamCountry "GER"]

1. e4 c6 2. d4 g6 3. Nc3 Bg7 4. Nf3 d6 5. Be2 Nf6 6. O-O O-O 7. Bf4 Qc7 8. h3 Nbd7 9. Qd2 e5 10. dxe5 dxe5 11. Be3 b6 12. Rfd1 a5 13. Qd6 Qxd6 14. Rxd6 b5 15. a3 Bb7 16. Rad1 b4 17. Na4 Bc8 18. Rxc6 bxa3 19. bxa3 Nb8 20. Rc7 Na6 21. Re7 Nxe4 22. Nb6 Bf6 23. Rxe5 Bxe5 24. Nxa8 Nc3 25. Nxe5 Nxe2+ 26. Kf1 Nc3 27. Rd3 Ne4 28. Nb6 Be6 29. Rd4 Nac5 30. Nbc4 Rb8 31. Nxa5 Rb1+ 32. Ke2 Nc3+ 33. Kf3 Bd5+ 34. Rxd5 Nxd5 35. Bxc5 f6 36. Nd3 Kf7 37. c4 Nc7 38. Ke4 Rd1 39. Nc6 Ne6 40. Bb4 Ng5+ 41. Kd4 Ne6+ 42. Kc3 g5 43. a4 Nc7 44. Bd6 Na6 45. Nb8 Ke6 46. Bg3 Nxb8 47. Bxb8 Rb1 48. Nc5+ Ke7 49. Bc7 Rc1+ 50. Kd4 Re1 1-0

[Event "XXII. DBMM Schach"]
[Site "Dresden"]
[Date "2024.01.20"]
[Round "5.3"]
[Board "3"]
[White "Francke, Dirk"]
[Black "Bauland, Thomas"]
[Result "0-1"]
[WhiteElo "2035"]
[BlackElo "1892"]
[Annotator "br"]
[PlyCount "78"]
[GameId "489223827995"]
[EventDate "2024.01.18"]
[EventType "team-swiss"]
[EventRounds "7"]
[EventCountry "GER"]
[Tiebreak "Buchholz"]
[SourceTitle "XXII. DBMM Schach"]
[Source "FV Schach e.V."]
[SourceDate "2024.01.21"]
[SourceVersion "1"]
[SourceVersionDate "2024.01.21"]
[SourceQuality "1"]
[WhiteTeam "Deutsche Bahn/BSW Berlin"]
[BlackTeam "Siemens Energy Duisburg"]
[WhiteTeamCountry "GER"]
[BlackTeamCountry "GER"]

1. b4 e5 2. Bb2 d6 3. e3 Nf6 4. c4 Nbd7 5. Qc2 b6 6. Nf3 Bb7 7. Be2 g6 8. d3 Bg7 9. Nbd2 O-O 10. O-O Qe7 11. Ng5 c6 12. Bf3 d5 13. Qb3 h6 14. Nh3 e4 15. Be2 exd3 16. Bxd3 Rfd8 17. Rad1 Ne5 18. Be2 g5 19. a3 Bc8 20. cxd5 Nxd5 21. e4 Nf6 22. f4 Be6 23. Qg3 Rxd2 24. Rxd2 Nxe4 25. Qe3 Nxd2 26. Qxd2 Bxh3 27. fxe5 Be6 28. Bf3 Rd8 29. Qc3 c5 30. Be4 cxb4 31. axb4 Rc8 32. Qd2 Qd7 33. Qe3 Qb5 34. Bc3 Qc4 35. Rc1 Qb3 36. Bb1 Qd5 37. Be4 Rxc3 38. Rxc3 Qxe5 39. Rc1 f5 0-1

[Event "XXII. DBMM Schach"]
[Site "Dresden"]
[Date "2024.01.20"]
[Round "5.4"]
[Board "4"]
[White "Feldhoff, Markus"]
[Black "Tichatschke, Wolfgang"]
[Result "1/2-1/2"]
[WhiteElo "1874"]
[BlackElo "1911"]
[Annotator "br"]
[PlyCount "24"]
[GameId "489223827996"]
[EventDate "2024.01.18"]
[EventType "team-swiss"]
[EventRounds "7"]
[EventCountry "GER"]
[Tiebreak "Buchholz"]
[SourceTitle "XXII. DBMM Schach"]
[Source "FV Schach e.V."]
[SourceDate "2024.01.21"]
[SourceVersion "1"]
[SourceVersionDate "2024.01.21"]
[SourceQuality "1"]
[WhiteTeam "Siemens Energy Duisburg"]
[BlackTeam "Deutsche Bahn/BSW Berlin"]
[WhiteTeamCountry "GER"]
[BlackTeamCountry "GER"]

1. Nf3 Nf6 2. d3 d5 3. c3 e6 4. Bg5 Be7 5. Nbd2 O-O 6. Qc2 b6 7. e4 Bb7 8. Be2 c5 9. O-O Nc6 10. Rfe1 Qc7 11. Qa4 Rac8 12. Bh4 Nd7 1/2-1/2

[Event "XXII. DBMM Schach"]
[Site "Dresden"]
[Date "2024.01.20"]
[Round "5.1"]
[Board "1"]
[White "Damm, Nils"]
[Black "Feikes, Joerg"]
[Result "1-0"]
[WhiteElo "1967"]
[BlackElo "2054"]
[Annotator "br"]
[PlyCount "89"]
[GameId "489223827997"]
[EventDate "2024.01.18"]
[EventType "team-swiss"]
[EventRounds "7"]
[EventCountry "GER"]
[Tiebreak "Buchholz"]
[SourceTitle "XXII. DBMM Schach"]
[Source "FV Schach e.V."]
[SourceDate "2024.01.21"]
[SourceVersion "1"]
[SourceVersionDate "2024.01.21"]
[SourceQuality "1"]
[WhiteTeam "DZ Bank Frankfurt"]
[BlackTeam "BA Tempelhof Berlin II"]
[WhiteTeamCountry "GER"]
[BlackTeamCountry "GER"]

1. d4 d5 2. Nf3 Nf6 3. Bf4 c5 4. c3 Nc6 5. e3 Qb6 6. Qb3 c4 7. Qxb6 axb6 8. Ne5 Nxe5 9. Bxe5 Bf5 10. Nd2 e6 11. Bxf6 gxf6 12. e4 Bg6 13. exd5 exd5 14. Be2 Kd7 15. O-O h5 16. f4 Bf5 17. Bf3 Kd6 18. Rfe1 h4 19. Nf1 Be6 20. Ne3 f5 21. Kf2 b5 22. a3 Rd8 23. Nc2 Bh6 24. g3 hxg3+ 25. hxg3 Bg7 26. Rh1 Rxh1 27. Rxh1 Rh8 28. Rxh8 Bxh8 29. Ne3 Bf6 30. Bg2 Kc6 31. Bh3 Kd6 32. Kf3 Bd8 33. Bxf5 Bxf5 34. Nxf5+ Ke6 35. Kg4 Bf6 36. Ne3 Bd8 37. Kh5 Kd6 38. g4 Kc6 39. g5 Bc7 40. f5 Bd8 41. Ng4 Kd6 42. g6 fxg6+ 43. fxg6 Ke7 44. Kh6 Kf8 45. Kh7 1-0

[Event "XXII. DBMM Schach"]
[Site "Dresden"]
[Date "2024.01.20"]
[Round "5.2"]
[Board "2"]
[White "Baranowsky, Peter"]
[Black "Garbe, Maximilian"]
[Result "1/2-1/2"]
[WhiteElo "1883"]
[BlackElo "1920"]
[Annotator "br"]
[PlyCount "95"]
[GameId "489223827998"]
[EventDate "2024.01.18"]
[EventType "team-swiss"]
[EventRounds "7"]
[EventCountry "GER"]
[Tiebreak "Buchholz"]
[SourceTitle "XXII. DBMM Schach"]
[Source "FV Schach e.V."]
[SourceDate "2024.01.21"]
[SourceVersion "1"]
[SourceVersionDate "2024.01.21"]
[SourceQuality "1"]
[WhiteTeam "BA Tempelhof Berlin II"]
[BlackTeam "DZ Bank Frankfurt"]
[WhiteTeamCountry "GER"]
[BlackTeamCountry "GER"]

1. c4 d6 2. g3 g6 3. Bg2 Bg7 4. Nc3 c6 5. d3 e5 6. e3 f5 7. Nge2 Nf6 8. Rb1 O-O 9. O-O Be6 10. f4 Nbd7 11. b3 Qc7 12. Qd2 Rad8 13. Bb2 Rfe8 14. h3 Bf7 15. e4 exf4 16. Nxf4 fxe4 17. Nxe4 Nxe4 18. Bxe4 Nc5 19. Bxg7 Kxg7 20. Bg2 g5 21. Ne2 Qe7 22. Nd4 Bg6 23. Rbe1 Qd7 24. Qxg5 Rxe1 25. Rxe1 Re8 26. Rf1 Rf8 27. Rxf8 Kxf8 28. Qf6+ Kg8 29. b4 Nxd3 30. Ne6 Qf7 31. Qd8+ Qe8 32. Qxd6 Bf5 33. Qd8 Qxd8 34. Nxd8 Nxb4 35. Nxb7 Nxa2 36. Bxc6 Bxh3 37. Bd5+ Kf8 38. c5 Nb4 39. Be4 h6 40. Kf2 Ke7 41. c6 Be6 42. Ke3 Bd5 43. Bxd5 Nxd5+ 44. Kd4 Ke6 45. Kc5 Nc7 46. Nd8+ Ke7 47. Nb7 Ke6 48. Nd8+ 1/2-1/2

[Event "XXII. DBMM Schach"]
[Site "Dresden"]
[Date "2024.01.20"]
[Round "5.3"]
[Board "3"]
[White "Bluemer, Timo"]
[Black "Koerlin, Hans Juergen"]
[Result "0-1"]
[WhiteElo "1200"]
[BlackElo "1855"]
[Annotator "br"]
[PlyCount "45"]
[GameId "489223827999"]
[EventDate "2024.01.18"]
[EventType "team-swiss"]
[EventRounds "7"]
[EventCountry "GER"]
[Tiebreak "Buchholz"]
[SourceTitle "XXII. DBMM Schach"]
[Source "FV Schach e.V."]
[SourceDate "2024.01.21"]
[SourceVersion "1"]
[SourceVersionDate "2024.01.21"]
[SourceQuality "1"]
[WhiteTeam "DZ Bank Frankfurt"]
[BlackTeam "BA Tempelhof Berlin II"]
[WhiteTeamCountry "GER"]
[BlackTeamCountry "GER"]

1. e4 e5 2. Nf3 Nc6 3. Bb5 a6 4. Ba4 Nf6 5. O-O b5 6. Bb3 Bc5 7. c3 Nxe4 8. Bd5 Nf6 9. Bxc6 dxc6 10. Nxe5 Bd6 11. Nxc6 Bxh2+ 12. Kh1 Qd6 13. Qe2+ Be6 14. Nd4 O-O 15. Nxe6 fxe6 16. d4 Bf4 17. Bxf4 Qxf4 18. g3 Qf5 19. Kg2 Rad8 20. Qe5 Qc2 21. Na3 Qxb2 22. Qc5 Ne4 23. Qb4 0-1

[Event "XXII. DBMM Schach"]
[Site "Dresden"]
[Date "2024.01.20"]
[Round "5.4"]
[Board "4"]
[White "Thomas, Andreas"]
[Black "Diehl, Stefan"]
[Result "0-1"]
[WhiteElo "1835"]
[BlackElo "1830"]
[Annotator "br"]
[PlyCount "60"]
[GameId "489223828000"]
[EventDate "2024.01.18"]
[EventType "team-swiss"]
[EventRounds "7"]
[EventCountry "GER"]
[Tiebreak "Buchholz"]
[SourceTitle "XXII. DBMM Schach"]
[Source "FV Schach e.V."]
[SourceDate "2024.01.21"]
[SourceVersion "1"]
[SourceVersionDate "2024.01.21"]
[SourceQuality "1"]
[WhiteTeam "BA Tempelhof Berlin II"]
[BlackTeam "DZ Bank Frankfurt"]
[WhiteTeamCountry "GER"]
[BlackTeamCountry "GER"]

1. c4 f5 2. Nc3 Nf6 3. g3 c6 4. Bg2 e6 5. d4 Bb4 6. Qc2 d5 7. a3 Ba5 8. b4 Bc7 9. c5 e5 10. dxe5 Bxe5 11. Nf3 Bc7 12. e3 O-O 13. Bb2 Ne4 14. O-O Nd7 15. Rad1 Qe7 16. Ne2 Ne5 17. Nxe5 Bxe5 18. Nd4 Bd7 19. f3 Nf6 20. Rde1 Rae8 21. Re2 Nh5 22. Rfe1 g6 23. Qc3 Qf6 24. Qb3 f4 25. gxf4 Nxf4 26. Rd2 Nxg2 27. Rxg2 Bh3 28. Rge2 Qg5+ 29. Kh1 Bxd4 30. exd4 Bg2+ 0-1

[Event "XXII. DBMM Schach"]
[Site "Dresden"]
[Date "2024.01.20"]
[Round "5.1"]
[Board "1"]
[White "Sawatzki, Frank"]
[Black "Guder, Sibylle"]
[Result "1-0"]
[WhiteElo "2347"]
[BlackElo "1822"]
[Annotator "br"]
[PlyCount "105"]
[GameId "489223828001"]
[EventDate "2024.01.18"]
[EventType "team-swiss"]
[EventRounds "7"]
[EventCountry "GER"]
[Tiebreak "Buchholz"]
[SourceTitle "XXII. DBMM Schach"]
[Source "FV Schach e.V."]
[SourceDate "2024.01.21"]
[SourceVersion "1"]
[SourceVersionDate "2024.01.21"]
[SourceQuality "1"]
[WhiteTeam "BA Nord/Baubehoerde Hamburg"]
[BlackTeam "BA Tempelhof Berlin III"]
[WhiteTeamCountry "GER"]
[BlackTeamCountry "GER"]

1. e4 c5 2. Nf3 d6 3. d4 cxd4 4. Nxd4 Nf6 5. Nc3 a6 6. Be2 e5 7. Nf3 Be7 8. Bg5 Be6 9. Bxf6 Bxf6 10. Qd2 O-O 11. O-O Qc7 12. Rfd1 Be7 13. Rac1 Nd7 14. Nd5 Bxd5 15. Qxd5 Rac8 16. c4 Qc6 17. b4 Nf6 18. Qxc6 Rxc6 19. Nd2 Re8 20. Rb1 g6 21. g3 Bf8 22. Bd3 Bh6 23. Nb3 Bf8 24. a4 Kg7 25. Kg2 h5 26. b5 Rc7 27. b6 Rd7 28. f3 Red8 29. c5 dxc5 30. Na5 Rb8 31. Be2 Rd4 32. Rxd4 exd4 33. Bc4 Be7 34. Bd3 Nd7 35. f4 Bd8 36. Nc4 Be7 37. e5 Nf8 38. Be4 Ne6 39. Na5 Nd8 40. Bd5 Kf8 41. Kf3 Ke8 42. h3 Kd7 43. g4 hxg4+ 44. hxg4 Bf8 45. Ke4 Be7 46. Rh1 c4 47. Kxd4 Bb4 48. Nxc4 Rc8 49. Rh7 Ke7 50. f5 gxf5 51. gxf5 Rxc4+ 52. Kxc4 Ba5 53. Bxf7 1-0

[Event "XXII. DBMM Schach"]
[Site "Dresden"]
[Date "2024.01.20"]
[Round "5.2"]
[Board "2"]
[White "Schmidt, Joerg"]
[Black "Hohlfeld, Wolfgang"]
[Result "1/2-1/2"]
[WhiteElo "1992"]
[BlackElo "2041"]
[Annotator "br"]
[PlyCount "59"]
[GameId "489223828002"]
[EventDate "2024.01.18"]
[EventType "team-swiss"]
[EventRounds "7"]
[EventCountry "GER"]
[Tiebreak "Buchholz"]
[SourceTitle "XXII. DBMM Schach"]
[Source "FV Schach e.V."]
[SourceDate "2024.01.21"]
[SourceVersion "1"]
[SourceVersionDate "2024.01.21"]
[SourceQuality "1"]
[WhiteTeam "BA Tempelhof Berlin III"]
[BlackTeam "BA Nord/Baubehoerde Hamburg"]
[WhiteTeamCountry "GER"]
[BlackTeamCountry "GER"]

1. e4 c5 2. b3 Nf6 3. Nc3 d6 4. Bb2 g6 5. Nf3 Bg7 6. d4 cxd4 7. Nxd4 O-O 8. Bc4 Nc6 9. Nxc6 bxc6 10. Qe2 Nxe4 11. Qxe4 d5 12. Qe2 dxc4 13. Qxc4 Be6 14. Qe2 Qa5 15. Qe3 c5 16. O-O c4 17. Rfb1 Rfc8 18. Na4 c3 19. Ba3 Rc7 20. Bc5 Rd8 21. Rd1 Rcd7 22. Rxd7 Rxd7 23. Qg3 h5 24. Be3 Qf5 25. Nc5 Rd6 26. Nd3 Rxd3 27. cxd3 Qxd3 28. Rf1 Qc2 29. Qb8+ Kh7 30. Qxa7 1/2-1/2

[Event "XXII. DBMM Schach"]
[Site "Dresden"]
[Date "2024.01.20"]
[Round "5.3"]
[Board "3"]
[White "Hein, Ralf"]
[Black "Glienke, Michael"]
[Result "1-0"]
[WhiteElo "2018"]
[BlackElo "1809"]
[Annotator "br"]
[PlyCount "79"]
[GameId "489223828003"]
[EventDate "2024.01.18"]
[EventType "team-swiss"]
[EventRounds "7"]
[EventCountry "GER"]
[Tiebreak "Buchholz"]
[SourceTitle "XXII. DBMM Schach"]
[Source "FV Schach e.V."]
[SourceDate "2024.01.21"]
[SourceVersion "1"]
[SourceVersionDate "2024.01.21"]
[SourceQuality "1"]
[WhiteTeam "BA Nord/Baubehoerde Hamburg"]
[BlackTeam "BA Tempelhof Berlin III"]
[WhiteTeamCountry "GER"]
[BlackTeamCountry "GER"]

1. c4 c6 2. Nc3 Nf6 3. d4 d5 4. cxd5 cxd5 5. g3 e6 6. Bg2 Be7 7. Nf3 Nc6 8. O-O O-O 9. a3 b6 10. b4 Bb7 11. Qd3 Rc8 12. Bd2 Re8 13. Rfc1 Bd6 14. Ra2 Qe7 15. Rac2 Ne4 16. Be1 Bb8 17. Nd2 Nd6 18. Nb3 Nc4 19. Nb1 Red8 20. b5 N6a5 21. Nxa5 Nxa5 22. Rxc8 Rxc8 23. Rxc8+ Bxc8 24. Bxa5 bxa5 25. Qc3 Qc7 26. Qc5 Bd7 27. a4 Qb7 28. Nd2 Bc7 29. Nc4 Bb6 30. Qe7 h6 31. Nd6 Qc7 32. e3 f5 33. Bf3 Qd8 34. Qf7+ Kh7 35. Bh5 Bc7 36. Nb7 Qc8 37. Nc5 Bxb5 38. axb5 Bb6 39. Nxe6 Qg8 40. Qxf5+ 1-0

[Event "XXII. DBMM Schach"]
[Site "Dresden"]
[Date "2024.01.20"]
[Round "5.4"]
[Board "4"]
[White "Schneider, Eckehard"]
[Black "Buchholz, Robert"]
[Result "1-0"]
[WhiteElo "1797"]
[BlackElo "1953"]
[Annotator "br"]
[PlyCount "53"]
[GameId "489223828004"]
[EventDate "2024.01.18"]
[EventType "team-swiss"]
[EventRounds "7"]
[EventCountry "GER"]
[Tiebreak "Buchholz"]
[SourceTitle "XXII. DBMM Schach"]
[Source "FV Schach e.V."]
[SourceDate "2024.01.21"]
[SourceVersion "1"]
[SourceVersionDate "2024.01.21"]
[SourceQuality "1"]
[WhiteTeam "BA Tempelhof Berlin III"]
[BlackTeam "BA Nord/Baubehoerde Hamburg"]
[WhiteTeamCountry "GER"]
[BlackTeamCountry "GER"]

1. d4 c5 2. c3 e6 3. Bf4 d5 4. e3 Nf6 5. Nf3 Bd6 6. Bxd6 Qxd6 7. Nbd2 Nc6 8. Bd3 O-O 9. O-O e5 10. dxe5 Nxe5 11. Nxe5 Qxe5 12. Nf3 Qc7 13. Qc2 Bg4 14. Be2 a6 15. h3 Bh5 16. a4 b6 17. Rfd1 c4 18. Nd4 Bxe2 19. Qxe2 Rfd8 20. Qf3 Ne4 21. Nf5 Qe5 22. Rd4 Nc5 23. Rad1 Nd3 24. Rd2 Rd7 25. Rxc4 Ne1 26. Qf4 dxc4 27. Qxe5 1-0

[Event "XXII. DBMM Schach"]
[Site "Dresden"]
[Date "2024.01.20"]
[Round "5.1"]
[Board "1"]
[White "Hilbig, Olaf"]
[Black "Bressler, Patrick"]
[Result "1/2-1/2"]
[WhiteElo "2035"]
[BlackElo "2073"]
[Annotator "br"]
[PlyCount "38"]
[GameId "489223828005"]
[EventDate "2024.01.18"]
[EventType "team-swiss"]
[EventRounds "7"]
[EventCountry "GER"]
[Tiebreak "Buchholz"]
[SourceTitle "XXII. DBMM Schach"]
[Source "FV Schach e.V."]
[SourceDate "2024.01.21"]
[SourceVersion "1"]
[SourceVersionDate "2024.01.21"]
[SourceQuality "1"]
[WhiteTeam "BSG Commerzbank Frankfurt"]
[BlackTeam "Gardez Robe Berlin"]
[WhiteTeamCountry "GER"]
[BlackTeamCountry "GER"]

1. d4 d6 2. e4 Nf6 3. Nc3 e5 4. dxe5 dxe5 5. Qxd8+ Kxd8 6. Bg5 Be6 7. O-O-O+ Nbd7 8. Nd5 Bd6 9. f3 h6 10. Bxf6+ Nxf6 11. Bc4 Kd7 12. Ne2 c6 13. Ne3 b5 14. Bxe6+ fxe6 15. Rd3 Ke7 16. Rhd1 Rhd8 17. Ng4 Nxg4 18. fxg4 Bc5 19. c3 Rxd3 1/2-1/2

[Event "XXII. DBMM Schach"]
[Site "Dresden"]
[Date "2024.01.20"]
[Round "5.2"]
[Board "2"]
[White "Hoffmann, Michael"]
[Black "Piepenburg, Rolf"]
[Result "1/2-1/2"]
[WhiteElo "1977"]
[BlackElo "2013"]
[Annotator "fb"]
[PlyCount "53"]
[GameId "489223828006"]
[EventDate "2024.01.18"]
[EventType "team-swiss"]
[EventRounds "7"]
[EventCountry "GER"]
[Tiebreak "Buchholz"]
[SourceTitle "XXII. DBMM Schach"]
[Source "FV Schach e.V."]
[SourceDate "2024.01.21"]
[SourceVersion "1"]
[SourceVersionDate "2024.01.21"]
[SourceQuality "1"]
[WhiteTeam "Gardez Robe Berlin"]
[BlackTeam "BSG Commerzbank Frankfurt"]
[WhiteTeamCountry "GER"]
[BlackTeamCountry "GER"]

1. d4 d5 2. Nf3 Nf6 3. e3 e6 4. Bd3 c5 5. c3 Be7 6. Nbd2 O-O 7. O-O b6 8. Qe2 a5 9. e4 Ba6 10. Bxa6 Nxa6 11. e5 Nd7 12. Rd1 c4 13. Nf1 b5 14. Ng3 b4 15. Nh5 Nc7 16. h4 Bxh4 17. g3 Be7 18. Kg2 Re8 19. Nxg7 Kxg7 20. Rh1 Nf8 21. Bh6+ Kg8 22. Qe3 Ng6 23. Bg7 Kxg7 24. Qh6+ Kg8 25. Qxh7+ Kf8 26. Qh6+ Kg8 27. Qh7+ 1/2-1/2

[Event "XXII. DBMM Schach"]
[Site "Dresden"]
[Date "2024.01.20"]
[Round "5.3"]
[Board "3"]
[White "Gebhardt, Christian"]
[Black "Schober, Ralf"]
[Result "1/2-1/2"]
[WhiteElo "1842"]
[BlackElo "2092"]
[Annotator "br"]
[PlyCount "95"]
[GameId "489223828007"]
[EventDate "2024.01.18"]
[EventType "team-swiss"]
[EventRounds "7"]
[EventCountry "GER"]
[Tiebreak "Buchholz"]
[SourceTitle "XXII. DBMM Schach"]
[Source "FV Schach e.V."]
[SourceDate "2024.01.21"]
[SourceVersion "1"]
[SourceVersionDate "2024.01.21"]
[SourceQuality "1"]
[WhiteTeam "BSG Commerzbank Frankfurt"]
[BlackTeam "Gardez Robe Berlin"]
[WhiteTeamCountry "GER"]
[BlackTeamCountry "GER"]

1. e4 d6 2. f4 g6 3. Nf3 Bg7 4. d4 c6 5. Nc3 d5 6. e5 Bg4 7. h3 Bxf3 8. Qxf3 e6 9. Be3 Nd7 10. g4 Ne7 11. Bd3 f5 12. g5 a6 13. Kf2 Qa5 14. Rhb1 Kf7 15. Qd1 h6 16. Qf3 Qc7 17. Rh1 h5 18. Rhb1 c5 19. h4 Bf8 20. dxc5 Nxc5 21. Bxc5 Qxc5+ 22. Kg3 Nc6 23. a3 Be7 24. Qf2 Rhc8 25. Qxc5 Bxc5 26. Kf3 Nd4+ 27. Kg3 Be7 28. Rc1 Rc7 29. Ne2 Bc5 30. Nxd4 Bxd4 31. c3 Rac8 32. Kf3 Ke7 33. Rc2 Kd8 34. Rac1 Bb6 35. c4 Bd4 36. cxd5 Rxc2 37. Rxc2 Rxc2 38. Bxc2 exd5 39. Bb3 Bxb2 40. Bxd5 Ke7 41. Bxb7 Bxa3 42. Bxa6 Bc1 43. Bc4 Bd2 44. Bg8 Kf8 45. Bc4 Ke7 46. Bb3 Bc1 47. Bc4 Bd2 48. Bb3 1/2-1/2

[Event "XXII. DBMM Schach"]
[Site "Dresden"]
[Date "2024.01.20"]
[Round "5.4"]
[Board "4"]
[White "Nickel, Arno"]
[Black "Klowski, Bjoern Sigurd"]
[Result "1/2-1/2"]
[WhiteElo "2071"]
[BlackElo "1601"]
[Annotator "br"]
[PlyCount "66"]
[GameId "489223828011"]
[EventDate "2024.01.18"]
[EventType "team-swiss"]
[EventRounds "7"]
[EventCountry "GER"]
[Tiebreak "Buchholz"]
[SourceTitle "XXII. DBMM Schach"]
[Source "FV Schach e.V."]
[SourceDate "2024.01.21"]
[SourceVersion "1"]
[SourceVersionDate "2024.01.21"]
[SourceQuality "1"]
[WhiteTeam "Gardez Robe Berlin"]
[BlackTeam "BSG Commerzbank Frankfurt"]
[WhiteTeamCountry "GER"]
[BlackTeamCountry "GER"]

1. d4 Nf6 2. Bf4 g6 3. e3 Bg7 4. Nf3 O-O 5. Be2 d5 6. h3 Nbd7 7. O-O c5 8. c3 cxd4 9. exd4 Nb6 10. Nbd2 Bd7 11. Ne5 Re8 12. Re1 Rc8 13. a4 a6 14. a5 Na8 15. Qb3 Nc7 16. Nxd7 Nxd7 17. Qxb7 e5 18. dxe5 Rb8 19. Qa7 Rxb2 20. Nf3 Nxe5 21. Nxe5 Bxe5 22. Bxe5 Rxe5 23. Bxa6 Rxe1+ 24. Rxe1 Qf6 25. Bf1 Qxc3 26. Qe3 Qxa5 27. Rd1 Qa4 28. Rc1 Qd7 29. Qe5 Rb7 30. Rd1 Qe6 31. Qd4 Qe4 32. Qc5 Qb4 33. Qe3 Qe4 1/2-1/2

[Event "XXII. DBMM Schach"]
[Site "Dresden"]
[Date "2024.01.20"]
[Round "5.1"]
[Board "1"]
[White "Hartig, Frank"]
[Black "Gottschalk, Jens"]
[Result "1/2-1/2"]
[WhiteElo "2080"]
[BlackElo "2213"]
[Annotator "br"]
[PlyCount "47"]
[GameId "489223828012"]
[EventDate "2024.01.18"]
[EventType "team-swiss"]
[EventRounds "7"]
[EventCountry "GER"]
[Tiebreak "Buchholz"]
[SourceTitle "XXII. DBMM Schach"]
[Source "FV Schach e.V."]
[SourceDate "2024.01.21"]
[SourceVersion "1"]
[SourceVersionDate "2024.01.21"]
[SourceQuality "1"]
[WhiteTeam "EFS Filtertechnik Erkrath"]
[BlackTeam "R+V Versicherung Wiesbaden"]
[WhiteTeamCountry "GER"]
[BlackTeamCountry "GER"]

1. e4 c5 2. Nc3 Nc6 3. g3 g6 4. Bg2 Bg7 5. d3 e6 6. Be3 d6 7. Qd2 Nd4 8. Nd1 Ne7 9. c3 Ndc6 10. Bh6 Bxh6 11. Qxh6 Qb6 12. Nf3 Bd7 13. O-O O-O-O 14. a4 Kb8 15. Nd2 d5 16. Ra2 Qa6 17. Nb3 Qxd3 18. Ne3 b6 19. Rd1 Qe2 20. Rd2 Qh5 21. Qxh5 gxh5 22. exd5 exd5 23. Nxd5 Be6 24. c4 1/2-1/2

[Event "XXII. DBMM Schach"]
[Site "Dresden"]
[Date "2024.01.20"]
[Round "5.2"]
[Board "2"]
[White "Launert, Martin"]
[Black "Hammes, Frank"]
[Result "1/2-1/2"]
[WhiteElo "1827"]
[BlackElo "2120"]
[Annotator "br"]
[PlyCount "46"]
[GameId "489223828013"]
[EventDate "2024.01.18"]
[EventType "team-swiss"]
[EventRounds "7"]
[EventCountry "GER"]
[Tiebreak "Buchholz"]
[SourceTitle "XXII. DBMM Schach"]
[Source "FV Schach e.V."]
[SourceDate "2024.01.21"]
[SourceVersion "1"]
[SourceVersionDate "2024.01.21"]
[SourceQuality "1"]
[WhiteTeam "R+V Versicherung Wiesbaden"]
[BlackTeam "EFS Filtertechnik Erkrath"]
[WhiteTeamCountry "GER"]
[BlackTeamCountry "GER"]

1. e4 c5 2. Nf3 e6 3. d4 cxd4 4. Nxd4 a6 5. c4 Nc6 6. Nc3 Qc7 7. Nxc6 dxc6 8. Be3 Nf6 9. Be2 Be7 10. O-O O-O 11. Qc2 e5 12. h3 Be6 13. b3 Rfd8 14. Rfd1 Rxd1+ 15. Rxd1 Rd8 16. Rxd8+ Qxd8 17. Qb2 Qf8 18. Qc2 Qd8 19. a4 h6 20. Kf1 Nd7 21. Kg1 Bg5 22. Qd2 Bxe3 23. Qxe3 Qg5 1/2-1/2